[Event "DEM U12 2025"]
[Site "Willingen GER"]
[Date "2025.06.11"]
[Round "6"]
[White "Wagener, Nicolas"]
[Black "Hoppe, Arthur"]
[Result "0-1"]
[Termination "normal"]
[Board "13"]
[WhiteElo "1765"]
[BlackElo "1922"]
[WhiteClock "01:14:12"]
[BlackClock "01:34:15"]
[PlyCount "48"]
[WhiteFideId "34607935"]
[BlackFideId "34618910"]
[EventCountry "GER"]
[EventRounds "9"]
[EventType "swiss"]
[EventDate "2025.06.07"]

1. e4 {[%clk 01:30:59]} c5 {[%clk 01:30:54]} {[%emt 00:00:06]} 2. Nf3 {[%clk
01:31:12]} {[%emt 00:00:16]} g6 {[%clk 01:31:15]} {[%emt 00:00:10]} 3. d4
{[%clk 01:27:35]} {[%emt 00:04:07]} cxd4 {[%clk 01:31:35]} {[%emt 00:00:10]} 4.
Nxd4 {[%clk 01:27:59]} {[%emt 00:00:06]} Nc6 {[%clk 01:32:00]} {[%emt
00:00:04]} 5. Nxc6 {[%clk 01:27:31]} {[%emt 00:00:58]} bxc6 {[%clk 01:32:16]}
{[%emt 00:00:16]} 6. Bd2 {[%clk 01:27:08]} {[%emt 00:00:50]} Bg7 {[%clk
01:32:11]} {[%emt 00:00:36]} 7. Bc3 {[%clk 01:27:31]} {[%emt 00:00:07]} Nf6
{[%clk 01:32:30]} {[%emt 00:00:11]} 8. Nd2 {[%clk 01:25:21]} {[%emt 00:02:40]}
O-O {[%clk 01:32:54]} {[%emt 00:00:07]} 9. g3 {[%clk 01:24:28]} {[%emt
00:01:21]} d5 {[%clk 01:31:58]} {[%emt 00:01:27]} 10. exd5 {[%clk 01:23:02]}
{[%emt 00:01:57]} cxd5 {[%clk 01:31:56]} {[%emt 00:00:32]} 11. b3 {[%clk
01:21:11]} {[%emt 00:02:20]} Qb6 {[%clk 01:32:22]} {[%emt 00:00:05]} 12. Be2
{[%clk 01:18:01]} {[%emt 00:03:37]} Ng4 {[%clk 01:32:00]} {[%emt 00:00:55]} 13.
Bxg4 {[%clk 01:17:26]} {[%emt 00:01:04]} Bxc3 {[%clk 01:32:21]} {[%emt
00:00:11]} 14. Bxc8 {[%clk 01:14:59]} {[%emt 00:02:56]} Bxa1 {[%clk 01:32:41]}
{[%emt 00:00:11]} 15. Qxa1 {[%clk 01:15:15]} {[%emt 00:00:12]} Raxc8 {[%clk
01:33:09]} {[%emt 00:00:04]} 16. Qb2 {[%clk 01:14:17]} {[%emt 00:01:27]} Qc6
{[%clk 01:31:46]} {[%emt 00:01:52]} 17. O-O {[%clk 01:12:59]} {[%emt 00:01:48]}
Qxc2 {[%clk 01:32:11]} {[%emt 00:00:06]} 18. Qd4 {[%clk 01:13:20]} {[%emt
00:00:08]} e5 {[%clk 01:32:35]} {[%emt 00:00:08]} 19. Qe3 {[%clk 01:13:14]}
{[%emt 00:00:35]} Rc3 {[%clk 01:32:26]} {[%emt 00:00:38]} 20. Qh6 {[%clk
01:13:17]} {[%emt 00:00:26]} Rd3 {[%clk 01:32:37]} {[%emt 00:00:21]} 21. Nb1
{[%clk 01:13:10]} {[%emt 00:00:36]} Rd1 {[%clk 01:33:03]} {[%emt 00:00:05]} 22.
Na3 {[%clk 01:13:34]} {[%emt 00:00:06]} Rxf1+ {[%clk 01:33:25]} {[%emt
00:00:09]} 23. Kxf1 {[%clk 01:13:58]} {[%emt 00:00:04]} Qxa2 {[%clk 01:33:49]}
{[%emt 00:00:07]} 24. Nb5 {[%clk 01:14:12]} {[%emt 00:00:15]} Qa6 {[%clk
01:34:15]} {[%emt 00:00:06]} 0-1

[Event "DEM U12 2025"]
[Site "Willingen GER"]
[Date "2025.06.11"]
[Round "6"]
[White "Chakhalov, Mikael"]
[Black "Boroshnev, Dmytro"]
[Result "1-0"]
[Termination "normal"]
[Board "14"]
[WhiteElo "1902"]
[BlackElo "1707"]
[WhiteClock "00:11:50"]
[BlackClock "00:28:48"]
[PlyCount "87"]
[WhiteFideId "34644458"]
[BlackFideId "34163611"]
[EventCountry "GER"]
[EventRounds "9"]
[EventType "swiss"]
[EventDate "2025.06.07"]

1. d4 {[%clk 01:30:57]} {[%emt 00:00:01]} Nf6 {[%clk 01:30:53]} {[%emt
00:00:07]} 2. c4 {[%clk 01:31:22]} {[%emt 00:00:06]} g6 {[%clk 01:31:13]}
{[%emt 00:00:08]} 3. Nc3 {[%clk 01:31:46]} {[%emt 00:00:07]} Bg7 {[%clk
01:31:33]} {[%emt 00:00:09]} 4. e4 {[%clk 01:32:10]} {[%emt 00:00:07]} d6
{[%clk 01:31:54]} {[%emt 00:00:09]} 5. Be2 {[%clk 01:32:33]} {[%emt 00:00:07]}
O-O {[%clk 01:31:54]} {[%emt 00:00:27]} 6. h4 {[%clk 01:32:57]} {[%emt
00:00:08]} c5 {[%clk 01:30:47]} {[%emt 00:01:38]} 7. d5 {[%clk 01:33:11]}
{[%emt 00:00:16]} e6 {[%clk 01:30:25]} {[%emt 00:00:51]} 8. h5 {[%clk
01:33:16]} {[%emt 00:00:24]} exd5 {[%clk 01:29:55]} {[%emt 00:01:00]} 9. exd5
{[%clk 01:33:45]} {[%emt 00:00:03]} gxh5 {[%clk 01:29:56]} {[%emt 00:00:28]}
10. Bxh5 {[%clk 01:33:21]} {[%emt 00:00:54]} Re8+ {[%clk 01:30:14]} {[%emt
00:00:13]} 11. Be2 {[%clk 01:32:13]} {[%emt 00:01:37]} Bf5 {[%clk 01:29:29]}
{[%emt 00:01:15]} 12. Bg5 {[%clk 01:21:39]} {[%emt 00:11:05]} Nbd7 {[%clk
01:27:14]} {[%emt 00:02:45]} 13. Qd2 {[%clk 01:21:25]} {[%emt 00:00:43]} Qe7
{[%clk 01:23:18]} {[%emt 00:04:26]} 14. O-O-O {[%clk 01:19:03]} {[%emt
00:02:53]} Ne5 {[%clk 01:22:04]} {[%emt 00:01:41]} 15. f3 {[%clk 01:17:23]}
{[%emt 00:02:12]} Bg6 {[%clk 01:19:47]} {[%emt 00:02:47]} 16. g4 {[%clk
01:13:13]} {[%emt 00:04:39]} Ned7 {[%clk 01:16:59]} {[%emt 00:03:19]} 17. Nh3
{[%clk 01:11:16]} {[%emt 00:02:21]} h6 {[%clk 01:16:33]} {[%emt 00:01:01]} 18.
Bxh6 {[%clk 01:07:07]} {[%emt 00:04:41]} Bxh6 {[%clk 01:16:31]} {[%emt
00:00:31]} 19. Qxh6 {[%clk 01:07:24]} {[%emt 00:00:12]} Qe3+ {[%clk 01:16:57]}
{[%emt 00:00:05]} 20. Qxe3 {[%clk 01:07:33]} {[%emt 00:00:20]} Rxe3 {[%clk
01:17:21]} {[%emt 00:00:06]} 21. Nf4 {[%clk 01:06:27]} {[%emt 00:01:35]} Nf8
{[%clk 01:13:35]} {[%emt 00:04:17]} 22. Kd2 {[%clk 01:02:43]} {[%emt 00:04:15]}
Re7 {[%clk 01:12:27]} {[%emt 00:01:37]} 23. Rhe1 {[%clk 00:58:19]} {[%emt
00:04:54]} a6 {[%clk 01:11:44]} {[%emt 00:01:14]} 24. Bd3 {[%clk 00:56:24]}
{[%emt 00:02:24]} Rae8 {[%clk 01:11:48]} {[%emt 00:00:27]} 25. Bxg6 {[%clk
00:55:30]} {[%emt 00:01:23]} fxg6 {[%clk 01:09:04]} {[%emt 00:03:13]} 26. g5
{[%clk 00:39:45]} {[%emt 00:16:15]} Rxe1 {[%clk 00:58:41]} {[%emt 00:10:53]}
27. Rxe1 {[%clk 00:40:05]} {[%emt 00:00:11]} Rxe1 {[%clk 00:59:06]} {[%emt
00:00:05]} 28. Kxe1 {[%clk 00:40:34]} {[%emt 00:00:01]} Ne8 {[%clk 00:59:23]}
{[%emt 00:00:13]} 29. Ne4 {[%clk 00:37:33]} {[%emt 00:03:28]} Kf7 {[%clk
00:57:40]} {[%emt 00:02:16]} 30. Nd3 {[%clk 00:35:12]} {[%emt 00:02:51]} Ke7
{[%clk 00:57:07]} {[%emt 00:01:02]} 31. Ke2 {[%clk 00:33:29]} {[%emt 00:02:14]}
Nd7 {[%clk 00:55:15]} {[%emt 00:02:21]} 32. Ke3 {[%clk 00:30:43]} {[%emt
00:03:18]} Ng7 {[%clk 00:50:53]} {[%emt 00:04:49]} 33. Ng3 {[%clk 00:29:53]}
{[%emt 00:01:22]} Nb6 {[%clk 00:42:52]} {[%emt 00:08:31]} 34. b3 {[%clk
00:29:30]} {[%emt 00:00:53]} Nc8 {[%clk 00:43:04]} {[%emt 00:00:19]} 35. Ke4
{[%clk 00:23:30]} {[%emt 00:06:30]} Kf7 {[%clk 00:43:17]} {[%emt 00:00:17]} 36.
Nf2 {[%clk 00:17:17]} {[%emt 00:06:42]} Ne7 {[%clk 00:36:31]} {[%emt 00:07:16]}
37. Ng4 {[%clk 00:14:10]} {[%emt 00:03:36]} Nef5 {[%clk 00:30:40]} {[%emt
00:06:21]} 38. Nh6+ {[%clk 00:12:32]} {[%emt 00:02:09]} Nxh6 {[%clk 00:30:55]}
{[%emt 00:00:16]} 39. gxh6 {[%clk 00:12:47]} {[%emt 00:00:14]} Ne8 {[%clk
00:30:39]} {[%emt 00:00:46]} 40. Kf4 {[%clk 00:12:44]} {[%emt 00:00:33]} b6
{[%clk 00:28:18]} {[%emt 00:02:50]} 41. Kg5 {[%clk 00:11:53]} {[%emt 00:01:22]}
Nf6 {[%clk 00:28:29]} {[%emt 00:00:20]} 42. Ne4 {[%clk 00:11:52]} {[%emt
00:00:30]} Ne8 {[%clk 00:28:31]} {[%emt 00:00:28]} 43. a4 {[%clk 00:11:26]}
{[%emt 00:00:57]} a5 {[%clk 00:28:48]} {[%emt 00:00:12]} 44. f4 {[%clk
00:11:50]} {[%emt 00:00:06]} 1-0

[Event "DEM U12 2025"]
[Site "Willingen GER"]
[Date "2025.06.11"]
[Round "6"]
[White "Meitzner, Jonathan Franz"]
[Black "Beier, Martin"]
[Result "1/2-1/2"]
[Termination "normal"]
[Board "15"]
[WhiteElo "1766"]
[BlackElo "1781"]
[WhiteClock "00:28:19"]
[BlackClock "00:29:11"]
[PlyCount "131"]
[WhiteFideId "34616110"]
[BlackFideId "34631879"]
[EventCountry "GER"]
[EventRounds "9"]
[EventType "swiss"]
[EventDate "2025.06.07"]

1. e4 {[%clk 01:30:56]} {[%emt 00:00:03]} e6 {[%clk 01:30:45]} {[%emt
00:00:15]} 2. d4 {[%clk 01:31:21]} {[%emt 00:00:04]} d5 {[%clk 01:31:05]}
{[%emt 00:00:11]} 3. Nd2 {[%clk 01:31:40]} {[%emt 00:00:11]} Be7 {[%clk
01:31:24]} {[%emt 00:00:10]} 4. c3 {[%clk 01:31:11]} {[%emt 00:00:59]} Nf6
{[%clk 01:31:28]} {[%emt 00:00:26]} 5. e5 {[%clk 01:31:35]} {[%emt 00:00:06]}
Nfd7 {[%clk 01:31:40]} {[%emt 00:00:18]} 6. Bd3 {[%clk 01:31:59]} {[%emt
00:00:06]} c5 {[%clk 01:31:53]} {[%emt 00:00:18]} 7. Ne2 {[%clk 01:32:20]}
{[%emt 00:00:07]} Nc6 {[%clk 01:31:52]} {[%emt 00:00:32]} 8. O-O {[%clk
01:32:21]} {[%emt 00:00:28]} a5 {[%clk 01:31:54]} {[%emt 00:00:28]} 9. Nf3
{[%clk 01:32:27]} {[%emt 00:00:24]} O-O {[%clk 01:29:47]} {[%emt 00:02:37]} 10.
Nf4 {[%clk 01:31:16]} {[%emt 00:01:40]} cxd4 {[%clk 01:27:35]} {[%emt
00:02:43]} 11. cxd4 {[%clk 01:31:32]} {[%emt 00:00:14]} Nb4 {[%clk 01:27:33]}
{[%emt 00:00:32]} 12. Bb1 {[%clk 01:31:02]} {[%emt 00:00:57]} Qb6 {[%clk
01:22:55]} {[%emt 00:05:12]} 13. a3 {[%clk 01:30:24]} {[%emt 00:01:08]} Nc6
{[%clk 01:23:18]} {[%emt 00:00:06]} 14. Qd3 {[%clk 01:30:13]} {[%emt 00:00:41]}
g6 {[%clk 01:21:45]} {[%emt 00:02:02]} 15. h4 {[%clk 01:28:17]} {[%emt
00:02:26]} Re8 {[%clk 01:20:29]} {[%emt 00:01:47]} 16. h5 {[%clk 01:23:04]}
{[%emt 00:05:42]} Nf8 {[%clk 01:19:36]} {[%emt 00:01:23]} 17. Nh3 {[%clk
01:09:44]} {[%emt 00:13:50]} a4 {[%clk 01:13:52]} {[%emt 00:06:14]} 18. Bh6
{[%clk 01:01:51]} {[%emt 00:08:22]} Qb3 {[%clk 01:13:23]} {[%emt 00:00:59]} 19.
Qxb3 {[%clk 00:59:16]} {[%emt 00:03:06]} axb3 {[%clk 01:13:34]} {[%emt
00:00:18]} 20. hxg6 {[%clk 00:59:38]} {[%emt 00:00:08]} hxg6 {[%clk 01:13:40]}
{[%emt 00:00:25]} 21. Be3 {[%clk 00:59:14]} {[%emt 00:00:54]} b5 {[%clk
01:12:31]} {[%emt 00:01:39]} 22. Bd3 {[%clk 00:58:12]} {[%emt 00:01:32]} Ba6
{[%clk 01:10:43]} {[%emt 00:02:18]} 23. Rfc1 {[%clk 00:57:28]} {[%emt
00:01:13]} Na5 {[%clk 01:09:19]} {[%emt 00:01:55]} 24. Nd2 {[%clk 00:52:47]}
{[%emt 00:05:07]} Nc4 {[%clk 01:02:29]} {[%emt 00:07:24]} 25. Rab1 {[%clk
00:51:15]} {[%emt 00:02:02]} Nxb2 {[%clk 00:51:21]} {[%emt 00:11:38]} 26. Rxb2
{[%clk 00:51:37]} {[%emt 00:00:07]} Bxa3 {[%clk 00:51:36]} {[%emt 00:00:15]}
27. Rcb1 {[%clk 00:51:58]} {[%emt 00:00:09]} Bxb2 {[%clk 00:51:39]} {[%emt
00:00:28]} 28. Rxb2 {[%clk 00:52:22]} {[%emt 00:00:05]} b4 {[%clk 00:51:15]}
{[%emt 00:00:55]} 29. Bxa6 {[%clk 00:50:16]} {[%emt 00:02:36]} Rxa6 {[%clk
00:51:36]} {[%emt 00:00:09]} 30. Rxb3 {[%clk 00:50:41]} {[%emt 00:00:05]} Rb8
{[%clk 00:48:09]} {[%emt 00:03:56]} 31. Nf4 {[%clk 00:47:16]} {[%emt 00:03:56]}
Ra3 {[%clk 00:47:10]} {[%emt 00:01:26]} 32. Nd3 {[%clk 00:46:46]} {[%emt
00:01:02]} Rxb3 {[%clk 00:47:06]} {[%emt 00:00:35]} 33. Nxb3 {[%clk 00:46:09]}
{[%emt 00:01:07]} Nd7 {[%clk 00:46:20]} {[%emt 00:01:16]} 34. Bd2 {[%clk
00:44:13]} {[%emt 00:02:22]} Nb6 {[%clk 00:44:26]} {[%emt 00:02:28]} 35. Bxb4
{[%clk 00:39:09]} {[%emt 00:05:34]} Nc4 {[%clk 00:44:16]} {[%emt 00:00:41]} 36.
Nbc5 {[%clk 00:33:15]} {[%emt 00:06:23]} Nb2 {[%clk 00:41:58]} {[%emt
00:02:45]} 37. Kh2 {[%clk 00:29:43]} {[%emt 00:04:05]} Nxd3 {[%clk 00:41:02]}
{[%emt 00:01:26]} 38. Nxd3 {[%clk 00:29:45]} {[%emt 00:00:27]} Kg7 {[%clk
00:41:13]} {[%emt 00:00:19]} 39. Bd6 {[%clk 00:28:26]} {[%emt 00:01:50]} Rb3
{[%clk 00:41:29]} {[%emt 00:00:13]} 40. Nf4 {[%clk 00:27:42]} {[%emt 00:01:11]}
Kh6 {[%clk 00:39:43]} {[%emt 00:02:13]} 41. Bf8+ {[%clk 00:26:47]} {[%emt
00:01:29]} Kh7 {[%clk 00:39:11]} {[%emt 00:01:04]} 42. f3 {[%clk 00:26:57]}
{[%emt 00:00:20]} Rc3 {[%clk 00:36:26]} {[%emt 00:03:14]} 43. Kg3 {[%clk
00:26:48]} {[%emt 00:00:41]} Rc4 {[%clk 00:35:55]} {[%emt 00:01:01]} 44. Bc5
{[%clk 00:27:09]} {[%emt 00:00:07]} Kg7 {[%clk 00:35:15]} {[%emt 00:01:14]} 45.
Kg4 {[%emt 00:02:28]} Rc2 {[%clk 00:33:59]} {[%emt 00:00:10]} 46. Kg5 {[%clk
00:26:09]} {[%emt 00:01:05]} Rd2 {[%clk 00:32:52]} {[%emt 00:01:37]} 47. Kh4
{[%clk 00:20:41]} {[%emt 00:05:57]} Kh6 {[%clk 00:32:04]} {[%emt 00:01:21]} 48.
Kg3 {[%clk 00:20:31]} {[%emt 00:00:39]} Kg5 {[%clk 00:30:03]} {[%emt 00:02:26]}
49. Nh3+ {[%clk 00:18:40]} {[%emt 00:02:26]} Kh6 {[%clk 00:29:33]} {[%emt
00:00:58]} 50. Nf2 {[%clk 00:18:58]} {[%emt 00:00:15]} Kh5 {[%clk 00:28:12]}
{[%emt 00:01:50]} 51. Ng4 {[%clk 00:18:28]} {[%emt 00:01:01]} g5 {[%clk
00:24:21]} {[%emt 00:04:20]} 52. Nf6+ {[%clk 00:17:21]} {[%emt 00:01:38]} Kg6
{[%clk 00:24:03]} {[%emt 00:00:45]} 53. Kh3 {[%clk 00:16:48]} {[%emt 00:01:04]}
Kf5 {[%clk 00:22:52]} {[%emt 00:01:40]} 54. Ng8 {[%clk 00:14:34]} {[%emt
00:02:46]} Kg6 {[%clk 00:19:56]} {[%emt 00:03:20]} 55. Ne7+ {[%clk 00:11:25]}
{[%emt 00:03:44]} Kh5 {[%clk 00:18:00]} {[%emt 00:02:25]} 56. Nc6 {[%clk
00:10:31]} {[%emt 00:01:27]} Kg6 {[%clk 00:16:46]} {[%emt 00:01:44]} 57. g3
{[%clk 00:09:50]} {[%emt 00:01:10]} Kh5 {[%clk 00:14:43]} {[%emt 00:02:33]} 58.
Nd8 {[%clk 00:07:33]} {[%emt 00:02:48]} Kg6 {[%clk 00:13:52]} {[%emt 00:01:23]}
59. Kg4 {[%clk 00:07:35]} {[%emt 00:00:24]} Rd3 {[%clk 00:12:21]} {[%emt
00:01:59]} 60. Nc6 {[%clk 00:07:16]} {[%emt 00:00:52]} Rd2 {[%clk 00:08:57]}
{[%emt 00:03:50]} 61. Ne7+ {[%clk 00:05:30]} {[%emt 00:02:19]} Kh6 {[%clk
00:08:16]} {[%emt 00:01:09]} 62. Ng8+ {[%clk 00:29:19]} {[%emt 00:06:43]} Kg6
{[%clk 00:36:24]} {[%emt 00:02:21]} 63. Nf6 {[%clk 00:29:40]} {[%emt 00:00:09]}
Rd3 {[%clk 00:31:59]} {[%emt 00:04:56]} 64. Nh5 {[%clk 00:27:56]} {[%emt
00:02:15]} Rd1 {[%clk 00:31:22]} {[%emt 00:01:03]} 65. f4 {[%clk 00:28:04]}
{[%emt 00:00:25]} Rh1 {[%clk 00:29:11]} {[%emt 00:02:41]} 66. Nf6 {[%clk
00:28:19]} {[%emt 00:00:16]} 1/2-1/2

[Event "DEM U12 2025"]
[Site "Willingen GER"]
[Date "2025.06.11"]
[Round "6"]
[White "Menke, Raphael Wilhelm"]
[Black "Teng, David"]
[Result "1-0"]
[Termination "normal"]
[Board "16"]
[WhiteElo "1803"]
[BlackElo "1837"]
[WhiteClock "00:58:10"]
[BlackClock "00:19:38"]
[PlyCount "47"]
[WhiteFideId "34621008"]
[BlackFideId "34604570"]
[EventCountry "GER"]
[EventRounds "9"]
[EventType "swiss"]
[EventDate "2025.06.07"]

1. e4 {[%emt 00:00:18]} c5 {[%clk 01:30:45]} 2. Nc3 {[%clk 01:31:21]} {[%emt
00:00:05]} Nc6 {[%emt 00:00:38]} 3. f4 {[%clk 01:31:39]} g6 {[%clk 01:30:53]}
{[%emt 00:00:27]} 4. Nf3 {[%clk 01:31:42]} {[%emt 00:00:26]} Bg7 {[%clk
01:30:37]} {[%emt 00:00:46]} 5. Bb5 {[%clk 01:30:53]} {[%emt 00:01:19]} e6
{[%clk 01:29:05]} {[%emt 00:02:03]} 6. Bxc6 {[%clk 01:31:05]} {[%emt 00:00:18]}
bxc6 {[%clk 01:29:24]} {[%emt 00:00:11]} 7. O-O {[%clk 01:31:28]} {[%emt
00:00:06]} Ne7 {[%clk 01:28:48]} {[%emt 00:01:06]} 8. d3 {[%clk 01:31:19]}
{[%emt 00:00:39]} d5 {[%clk 01:28:31]} {[%emt 00:00:47]} 9. Qe1 {[%clk
01:29:39]} {[%emt 00:02:10]} h6 {[%clk 01:24:57]} {[%emt 00:04:04]} 10. Kh1
{[%clk 01:25:50]} {[%emt 00:04:18]} O-O {[%clk 01:22:49]} {[%emt 00:02:37]} 11.
Qh4 {[%clk 01:19:10]} {[%emt 00:07:10]} f5 {[%clk 01:18:21]} {[%emt 00:05:00]}
12. e5 {[%clk 01:15:58]} {[%emt 00:03:43]} Ba6 {[%clk 01:06:54]} {[%emt
00:11:56]} 13. Qf2 {[%clk 01:12:26]} {[%emt 00:04:01]} d4 {[%clk 01:04:10]}
{[%emt 00:03:15]} 14. Na4 {[%clk 01:11:16]} {[%emt 00:01:39]} Qd5 {[%clk
01:00:09]} {[%emt 00:04:31]} 15. b3 {[%clk 01:11:19]} {[%emt 00:00:27]} Bb5
{[%clk 00:56:49]} {[%emt 00:03:51]} 16. Nb2 {[%clk 01:11:35]} {[%emt 00:00:14]}
Ba6 {[%clk 00:55:52]} {[%emt 00:01:27]} 17. Nc4 {[%clk 01:07:39]} {[%emt
00:04:25]} Bxc4 {[%clk 00:52:21]} {[%emt 00:04:02]} 18. bxc4 {[%clk 01:05:04]}
{[%emt 00:03:04]} Qd8 {[%clk 00:49:44]} {[%emt 00:03:08]} 19. Nd2 {[%clk
01:04:30]} {[%emt 00:01:03]} Qa5 {[%clk 00:46:13]} {[%emt 00:04:02]} 20. Nb3
{[%clk 01:02:30]} {[%emt 00:02:30]} Qb4 {[%clk 00:41:14]} {[%emt 00:05:29]} 21.
a4 {[%clk 01:01:48]} {[%emt 00:01:11]} Qc3 {[%clk 00:28:34]} {[%emt 00:13:11]}
22. Ba3 {[%clk 00:59:09]} {[%emt 00:03:09]} Rfd8 {[%clk 00:19:59]} {[%emt
00:09:05]} 23. Bxc5 {[%clk 00:58:10]} {[%emt 00:01:27]} Bf8 {[%clk 00:19:38]}
{[%emt 00:00:53]} 24. Nxd4 {[%emt 00:12:22]} 1-0